• 首页
  • 本馆介绍
  • 公告通知
  • 最新文献
  • 馆藏检索
  • 电子资源
  • 读者导购
  • 参考咨询
  • 我的图书馆
  • 登录
  • 详细信息显示
  • 放入我的书架
  • 预约/预借图书
  • 作者相关作品
  • 分类相关作品
  • 丛书相关作品
  • 出版社相关作品

书目信息

  • 表格格式
  • 工作单格式
  • 卡片格式
题名:
2005年:中国经济形势分析与预测
    
 
作者: 刘国光 , 王洛林 , 李京文 主编
分册:  
出版信息: 北京   社会科学文献出版社  2004
页数: 338页
开本: 24cm
丛书名: 经济蓝皮书
单 册:
中图分类: F123.2
科图分类:
主题词: 经济分析--中国--2004 , 经济预测--中国--2005 , 经济分析 , 经济预测
电子资源:
ISBN: 7-80190-402-8
000 01342oam2 2200349 450
001 012007058619
005 20070605141729.04
010    @a7-80190-402-8@dCNY39.00(含光盘)
100    @a20050226d2004 km y0chiy0120 ea
101 0  @achi
102    @aCN@b110000
105    @aa z 000yy
106    @ar
200 1  @a2005年:中国经济形势分析与预测@A2005 nian:zhong guo jing ji xing shi fen xi yu yu ce@f刘国光,王洛林,李京文主编@Fliu guo guang,wang luo lin,li jing wen zhu bian
210    @a北京@c社会科学文献出版社@d2004
215    @a338页@c图@d24cm@e光盘1片
225 2  @a经济蓝皮书
307    @a光盘ISBN:7-900166-19-X
330    @a本书从不同角度、不同方面分析中国2005年的经济运行和发展态势,其内容涉及宏观决策、财政金融、证券投资、工业调整、就业分配、对外贸易等一系列上至政府要员,下至平民百姓所共同关注的热点问题。
461  0 @12001 @a经济蓝皮书
510 1  @aAnalysis and forecast on China's economy(2005)@zeng
540 1  @a中国经济形势分析与预测@Azhong guo jing ji xing shi fen xi yu yu ce
606 0  @a经济分析@y中国@z2004
606 0  @a经济预测@y中国@z2005
606 0  @a经济分析
606 0  @a经济预测
690    @aF123.2@v4
701  0 @a刘国光@Aliu guo guang@4主编
701  0 @a王洛林@Awang luo lin@4主编
701  0 @a李京文@Ali jing wen@4主编
801  0 @aCN@bRULIN@c20070605
905    @dF123.2@e177@s7
    
    2005年:中国经济形势分析与预测/刘国光,王洛林,李京文主编.-北京:社会科学文献出版社,2004
    338页:图;24cm+光盘1片.-(经济蓝皮书)
    
    
    ISBN 7-80190-402-8:CNY39.00(含光盘)
    本书从不同角度、不同方面分析中国2005年的经济运行和发展态势,其内容涉及宏观决策、财政金融、证券投资、工业调整、就业分配、对外贸易等一系列上至政府要员,下至平民百姓所共同关注的热点问题。
●
相关链接 在E读中查询图书 在五车中查询图书 在当当中查询图书 在豆瓣中查询图书


正题名:2005年:中国经济形势分析与预测     索取号:F123.2/177         预约/预借

序号 登录号 条形码 馆藏地/架位号 状态 备注
1 0582011   205820110   第一样本阅览室/ [索取号:F123.2/177] 在馆    
2 0582012   205820129   第一借阅区/ [索取号:F123.2/177] 在馆    
3 0582013   205820138   第一借阅区/ [索取号:F123.2/177] 在馆    
4 0582014   205820147   第一借阅区/ [索取号:F123.2/177] 在馆    
5 0582015   205820156   第一借阅区/ [索取号:F123.2/177] 在馆    
6 0582016   205820165   第一借阅区/ [索取号:F123.2/177] 在馆    
7 0582017   205820174   第一借阅区/ [索取号:F123.2/177] 在馆    
唐山师范学院图书馆 欢迎您!
大连网信软件有限公司© 版权所有